The moral economy of the peasant (Record no. 31031)
[ view plain ]
| 000 -LEADER | |
|---|---|
| fixed length control field | 01337nam a2200337Ia 4500 |
| 082 04 - DEWEY DECIMAL CLASSIFICATION NUMBER | |
| Classification number | 307.7/2/09591 |
| 100 1# - MAIN ENTRY--AUTHOR NAME | |
| Personal name | Scott, James C. |
| 245 14 - TITLE STATEMENT | |
| Title | The moral economy of the peasant |
| 260 ## - PUBLICATION, DISTRIBUTION, ETC. (IMPRINT) | |
| Place of publication | New Haven : |
| Name of publisher | Yale University Press, |
| Year of publication | 1976. |
| 300 ## - PHYSICAL DESCRIPTION | |
| Number of Pages | ix, 246 p. : |
| Other physical details | ill. |
| 650 #0 - SUBJECT ADDED ENTRY--TOPICAL TERM | |
| Topical Term | Peasants |
| Topical Term | Peasant uprisings |
| Topical Term | Agriculture |
| 856 40 - ELECTRONIC LOCATION AND ACCESS | |
| Uniform Resource Identifier | http://site.ebrary.com/lib/rucke/Doc?id=10645463 |
No items available.
